00733cam a22002174a 45000010005000000030008000050050017000130080039000300200032000690350018001010400023001190410008001420820024001501000018001742450073001922600073002653000033003385040066003716500029004376500049004667183BD-RjUL20211208234357.0140113s2004 enka b 001 0 eng a0471489719 (acidfree paper) a(BD-RjUL)7225 aDLCcDLCdDLCbeng aeng00a519.5222bBAE 20041 aBarnett, Vic.10aEnvironmental statistics :bmethods and applications /cVic Barnett. aChichester, West Sussex, England ;aHoboken, NJ :bJ. Wiley,cc2004. axi, 293 p. :bill. ;c24 cm. aIncludes bibliographical references (p. [267]-284) and index. 0aMathematical statistics. 0aEnvironmental sciencesxStatistical methods.